Přeskočit na obsah

Научные проблемы экономики транспорта учебное пособие

В учебном пособии рассмотрены современные методы технико-экономического анали за инженерных решений в сфере автотранспортного бизнеса, методическое обоснование эффективности инновационных проектов и капитальных вложений на транспорте и подготовки бизнес-планов. Пособие предназначено для магистрантов...

Celý popis

Uloženo v:
Podrobná bibliografie
Hlavní autor: Клепцова Л. Н.
Médium: Книга
Jazyk:Russian
Vydáno: Кемерово КузГТУ имени Т.Ф. Горбачева 2017
On-line přístup:https://e.lanbook.com/book/172520
https://e.lanbook.com/img/cover/book/172520.jpg
Tagy: Přidat tag
Žádné tagy, Buďte první, kdo otaguje tento záznam!
LEADER 02069nam0a2200241 i 4500
001 172520
003 RuSpLAN
005 20221220174127.0
008 221220s2017 ru gs 000 0 rus
040 |a RuSpLAN 
041 0 |a rus 
044 |a ru 
080 |a 622.02(075.8)(086.76) 
245 0 0 |a Научные проблемы экономики транспорта  |b учебное пособие  |c Клепцова Л. Н. 
260 |a Кемерово  |b КузГТУ имени Т.Ф. Горбачева  |c 2017 
300 |a 165 с. 
504 |a Библиогр.: доступна в карточке книги, на сайте ЭБС Лань 
520 8 |a В учебном пособии рассмотрены современные методы технико-экономического анали за инженерных решений в сфере автотранспортного бизнеса, методическое обоснование эффективности инновационных проектов и капитальных вложений на транспорте и подготовки бизнес-планов. Пособие предназначено для магистрантов направления подготовки 23.04.01 «Технология транспортных процессов» и может быть использовано при выполнении ими курсовых работ и выпускной квалификационной работы, а также студентами других направлений, аспирантами, научными сотрудниками и специалистами транспорта. 
521 8 |a Книга из коллекции КузГТУ имени Т.Ф. Горбачева - Инженерно-технические науки 
100 1 |a Клепцова Л. Н. 
856 4 |u https://e.lanbook.com/book/172520 
856 4 8 |u https://e.lanbook.com/img/cover/book/172520.jpg 
953 |a https://e.lanbook.com/img/cover/book/172520.jpg